Report of the Public Account Committee on the report of the Audotor-General on the management and Utilisation of District Assemblies Common Fund and Other Statutory Funds for the Financial Year Ended 31st December 2018 (Record no. 5126)

MARC details
000 -LEADER
fixed length control field 00758nam a22001697a 4500
003 - CONTROL NUMBER IDENTIFIER
control field OSt
005 - DATE AND TIME OF LATEST TRANSACTION
control field 20250310100556.0
008 - FIXED-LENGTH DATA ELEMENTS--GENERAL INFORMATION
fixed length control field 250310b |||||||| |||| 00| 0 eng d
041 ## - LANGUAGE CODE
Language code of text/sound track or separate title English
082 ## - DEWEY DECIMAL CLASSIFICATION NUMBER
Classification number Cr/DACF/18 Acc No. 10,965
110 ## - MAIN ENTRY--CORPORATE NAME
Corporate name or jurisdiction name as entry element Public Account Committee
245 ## - TITLE STATEMENT
Title Report of the Public Account Committee on the report of the Audotor-General on the management and Utilisation of District Assemblies Common Fund and Other Statutory Funds for the Financial Year Ended 31st December 2018
260 ## - PUBLICATION, DISTRIBUTION, ETC.
Place of publication, distribution, etc. Accra-Osu,
Name of publisher, distributor, etc. Parliament Of Ghana.
Date of publication, distribution, etc. 2018.
300 ## - PHYSICAL DESCRIPTION
Extent 33p;tabs;
650 ## - SUBJECT ADDED ENTRY--TOPICAL TERM
Source of heading or term The management and Utilisation of District Assemblies Common Fund and Other Statutory Funds for the Financial Year Ended 31st December 2018
942 ## - ADDED ENTRY ELEMENTS (KOHA)
Source of classification or shelving scheme Dewey Decimal Classification
Koha item type Committee Reports
Suppress in OPAC No
Holdings
Withdrawn status Lost status Source of classification or shelving scheme Damaged status Not for loan Home library Current library Shelving location Date acquired Total checkouts Full call number Date last seen Copy number Price effective from Koha item type
    Dewey Decimal Classification     Main Library Main Library Open Shelves 10/03/2025   Cr/DACF/18 Acc No. 10,965 10/03/2025 1 10/03/2025 Committee Reports
©2026  Parliament of Ghana Library - All rights reserved